000 00670nam a2200217Ia 4500
003 OSt
005 20250224095522.0
008 210716s2009 xx 000 0 und d
020 _a9781902505916
040 _cAIMIT LIBRARY
041 _aeng
082 _a658.406
_21
_bMANS
100 _aManwani, Sharm.
_9201952
245 _aIT enabled business change:
_bsucessful management /
_cBy Sharm Manwani.
250 _a1st ed.
260 _aNew Delhi :
_bViva Books ;
_c2009.
300 _axxvi,151p. ;
_bPB
_c24 cm.
650 _aExternal and internal business environment
_9201953
650 _aChange implementation
_9201954
942 _2ddc
_cBK
_e1st ed.
_k658.406 MANS
999 _c190308
_d190308